Literatura española; modelos de análisis /
Guardado en:
| Autor Principal: | |
|---|---|
| Formato: | Libro |
| Publicado: |
Buenos Aires :
Kapelusz,
1979
|
| Etiquetas: |
Agregar Etiqueta
Sin Etiquetas, Sea el primero en etiquetar este registro!
|
| LEADER | 01175nam a22002655a 4500 | ||
|---|---|---|---|
| 001 | CEM.cems002464 | ||
| 005 | 20060220000000.0 | ||
| 008 | 130507s1979##################000#0#####d | ||
| 003 | CEMS | ||
| 082 | 0 | 4 | |a 860.9 |
| 100 | 1 | |a Fernández de Yacubsohn, Martha | |
| 245 | 1 | 0 | |a Literatura española; modelos de análisis / |
| 260 | |a Buenos Aires : |b Kapelusz, |c 1979 | ||
| 300 | |a 296 p.1 | ||
| 859 | |a CEMS |b BIB. CEMS - 11 de abril |h 860.9 |i F391 |p 11196.82 |t Ej.8 | ||
| 859 | |a CEMS |b BIB. CEMS - 11 de abril |h 860.9 |i F391 |p 11197.82 |t Ej.9 | ||
| 859 | |a CEMS |b BIB. CEMS - 11 de abril |h 860.9 |i F391 |p 11332.82 |t Ej.10 | ||
| 859 | |a CEMS |b BIB. CEMS - 11 de abril |h 860.9 |i F391 |p 13050.84 |t Ej.11 | ||
| 859 | |a CEMS |b BIB. CEMS - 11 de abril |h 860.9 |i F391 |p 7233.79 |t Ej.1 | ||
| 859 | |a CEMS |b BIB. CEMS - 11 de abril |h 860.9 |i F391 |p 7234.79 |t Ej.2 | ||
| 859 | |a CEMS |b BIB. CEMS - 11 de abril |h 860.9 |i F391 |p 7235.79 |t Ej.3 | ||
| 859 | |a CEMS |b BIB. CEMS - 11 de abril |h 860.9 |i F391 |p 7236.79 |t Ej.4 | ||
| 859 | |a CEMS |b BIB. CEMS - 11 de abril |h 860.9 |i F391 |p 7237.79 |t Ej.5 | ||
| 859 | |a CEMS |b BIB. CEMS - 11 de abril |h 860.9 |i F391 |p 8336.80 |t Ej.6 | ||
| 859 | |a CEMS |b BIB. CEMS - 11 de abril |h 860.9 |i F391 |p 8337.80 |t Ej.7 | ||
